| 000 | 00479nam a2200169Ia 4500 | ||
|---|---|---|---|
| 008 | 231217s9999 xx 000 0 und d | ||
| 020 | _a8178814048 | ||
| 041 | _aEnglish | ||
| 082 | _a658.8342 RAD.2;1 R | ||
| 100 | _aRadhakrishna, G ed. | ||
| 245 | 0 | _aConsumer behavior : implications for marketing strategies | |
| 250 | _a1st ed. | ||
| 260 |
_c2004 _bICFAI Press _aHyderabad |
||
| 300 | _ax, 180+A15 | ||
| 650 | _aConsumer,behavior,marketing,strategies | ||
| 942 | _cAA | ||
| 999 |
_c190052 _d190052 |
||